000 00501nam a2200145Ia 4500
041 _aKurdish
082 _a340,072 cut-242 ع
100 _a20260118u\\\\\\\\\\\y0engy0103\\\\ba
100 _aفەرسەت ئەحمەد عەبدولڵا
245 0 _aسيرة ازمة قانون النفط والغاز بين بغداد واربيل حقائق موثقة للتاريخ
250 _aچ1
260 _bمركز البحوث القانونية
_aهەولێر
_c2023
300 _a123
942 _cBk
999 _c188037
_d188037